Harry Styles - Clips par images - Statistiques

Statistiques générales
  • Ce quiz a été pris 154 fois
    137 depuis la dernière actualisation
  • Le résultat moyen est 12 sur 14
Statistiques - réponses
Par images Réponse % Correct
As It Was
97%
Aperture
94%
Golden
94%
Music for a Sushi Restaurant
94%
Sign of the Times
94%
Watermelon Sugar
94%
Falling
87%
Lights Up
86%
Satellite
82%
Treat People With Kindness
79%
Kiwi
77%
Adore You
75%
Late Night Talking
73%
Daylight
72%
Aucun quiz correspondant
Distribution des résultats
% des personnes avec chaque résultat
Percentile par nombre de réponses
Votre historique - résultats
Vous n’avez pas pris ce quiz depuis la dernière actualisation